Economically and environmentally acceptable alterative to dredge waterway channels by fluidization and jet pump / (رقم التسجيلة. 9358)

تفاصيل مارك
000 -LEADER
fixed length control field 012560000a22002770004500
003 - CONTROL NUMBER IDENTIFIER
control field EG-GICUC
005 - DATE AND TIME OF LATEST TRANSACTION
control field 20250223025253.0
008 - FIXED-LENGTH DATA ELEMENTS--GENERAL INFORMATION
fixed length control field 080515s2003 ua dh f m 000 0 eng d
040 ## - CATALOGING SOURCE
Original cataloging agency EG-GICUC
Language of cataloging eng
Transcribing agency EG-GICUC
041 0# - LANGUAGE CODE
Language code of text/sound track or separate title Eng
049 ## - LOCAL HOLDINGS (OCLC)
Holding library Gift
097 ## - Thesis Degree
Thesis Level M.Sc
099 ## - LOCAL FREE-TEXT CALL NUMBER (OCLC)
Classification number Cai01.13.11.M.Sc.2003.Al.E
100 0# - MAIN ENTRY--PERSONAL NAME
Personal name Alaa Eldin Abdelmouti Aly Elshaikh
245 10 - TITLE STATEMENT
Title Economically and environmentally acceptable alterative to dredge waterway channels by fluidization and jet pump /
Statement of responsibility, etc. Alaa Eldin Abdelmouti Aly Elshaikh ; Supervised Nabiel Elmenshawy , Imam Ahmed Elsawaf
246 15 - VARYING FORM OF TITLE
Title proper/short title بديل مناسب اقتصاديا وبيئيا لتكريك القنوات المائية باستخدام طريقة التمييع ومضخة النفث المائى
260 ## - PUBLICATION, DISTRIBUTION, ETC.
Place of publication, distribution, etc. Port Said :
Name of publisher, distributor, etc. Alaa Eldin Abdelmouti Aly Elshaikh ,
Date of publication, distribution, etc. 2003
300 ## - PHYSICAL DESCRIPTION
Extent 201P. :
Other physical details charts , facsimiles ;
Dimensions 25cm
502 ## - DISSERTATION NOTE
Dissertation note Thesis (M.Sc.) - Suez Canal University - Faculty Of Engineering , Port Said - Department Of Mechanical Power Engineering
700 0# - ADDED ENTRY--PERSONAL NAME
Personal name Imam Ahmed Elsawaf ,
Relator term
700 0# - ADDED ENTRY--PERSONAL NAME
Personal name Nabiel Elmenshawy ,
Relator term
856 ## - ELECTRONIC LOCATION AND ACCESS
Uniform Resource Identifier <a href="http://172.23.153.220/th.pdf">http://172.23.153.220/th.pdf</a>
905 ## - LOCAL DATA ELEMENT E, LDE (RLIN)
Cataloger Fatma
Reviser Cataloger
905 ## - LOCAL DATA ELEMENT E, LDE (RLIN)
Cataloger Nazla
Reviser Revisor
942 ## - ADDED ENTRY ELEMENTS (KOHA)
Source of classification or shelving scheme Dewey Decimal Classification
Koha item type Thesis
المقتنيات
Source of classification or shelving scheme Not for loan Home library Current library Date acquired Full call number Barcode Date last seen Koha item type
Dewey Decimal Classification   المكتبة المركزبة الجديدة - جامعة القاهرة قاعة الرسائل الجامعية - الدور الاول 11.02.2024 Cai01.13.11.M.Sc.2003.Al.E 01010110048871000 22.09.2023 Thesis
Cairo University Libraries Portal Implemented & Customized by: Eng. M. Mohamady Contacts: new-lib@cl.cu.edu.eg | cnul@cl.cu.edu.eg
CUCL logo CNUL logo
© All rights reserved — Cairo University Libraries
CUCL logo
Implemented & Customized by: Eng. M. Mohamady Contact: new-lib@cl.cu.edu.eg © All rights reserved — New Central Library
CNUL logo
Implemented & Customized by: Eng. M. Mohamady Contact: cnul@cl.cu.edu.eg © All rights reserved — Cairo National University Library